Believer - Imagine Dragons (All Lyrics) - Statistics

General Stats
  • This quiz has been taken 2,410 times
  • The average score is 259 of 397
Answer Stats
Lyrics % Correct
be.
97%
I
97%
a
96%
a,
96%
the
93%
The
93%
you
91%
You
91%
believer,
90%
believer.
90%
I'm
90%
I'ma
90%
thing
90%
First
89%
first.
89%
me
89%
me,
89%
me.
89%
my
89%
My
89%
things
88%
in
86%
of
84%
up
83%
up,
83%
all
82%
All
82%
say
82%
and
80%
head.
78%
Second
77%
second.
77%
that
76%
inside
75%
words
74%
By
73%
pain.
73%
pain!
73%
Pain!
73%
fire
72%
tired
72%
have
71%
way
71%
from
70%
to
70%
been.
69%
master
69%
was
69%
Don't
66%
tell
66%
down
65%
down.
65%
down,
65%
sea.
65%
broke
64%
fired
64%
made
64%
Oh,
64%
oh,
64%
one
64%
what
64%
young
63%
age.
60%
at
60%
think
60%
broken
58%
rain.
58%
rain
58%
break
53%
build
51%
sail,
51%
Third
51%
third.
51%
could
50%
let
50%
for
48%
love,
48%
Taking
48%
it
47%
It
47%
look
47%
poems
43%
your
43%
Your
43%
beauty
42%
masses.
42%
them
42%
they
41%
Last
40%
last.
40%
message
40%
took
40%
came
39%
veins.
39%
feeling
38%
few
38%
shook
38%
bullets
37%
heartache
37%
like
37%
like...
37%
never
37%
Writing
37%
above.
36%
brain.
36%
fly,
35%
lesson
35%
life,
35%
But
33%
through
33%
spirit
32%
did,
31%
Seeing
31%
dove.
28%
hate
28%
Singing
28%
blood
27%
ever
27%
Send
27%
ground.
26%
ones
26%
prayer
26%
sulking
26%
You're
26%
drive,
25%
has
25%
would
25%
rained
24%
turned
24%
ashes
23%
drown.
22%
cloud.
21%
future.
21%
grace
21%
you've
21%
Hoping
20%
Speaking
20%
feelings,
19%
flames.
19%
choking
18%
face
18%
limited,
18%
'til
18%
crowd.
17%
Falling
16%
heard
16%
Inhibited,
16%
flowin'.
15%
ebbin'
13%
lived,
13%
Building
9%
open,
9%
No matching quizzes found
Score Distribution
Percent of People with Each Score
Percentile by Number Answered
Your Score History
You have not taken this quiz